Vybrané zmeny v oblasti medzinárodných štandardov finančného vykazovania

Nové úpravy, ktoré v oblasti Medzinárodných účtovných štandardov finančného výkazníctva priniesol rok 2007. Niektoré z nich už vyústili do noviel existujúcich štandardov, alebo do prijatia celkom nových štandardov. Analyzována problematika príspevku je rozdelená na dve časti: nové alebo novelizované...

Description complète

Enregistré dans:
Détails bibliographiques
Auteur principal: Porvazníková, Barbora
Format: Chapitre de livre
Langue:slovaque
Sujets:
Tags: Ajouter un tag
Pas de tags, Soyez le premier à ajouter un tag!

MARC

LEADER 00000nla$a2200000$$$4500
001 0078331
005 20220509144345.6
041 0 |a slo 
044 |a CZ 
245 1 0 |a Vybrané zmeny v oblasti medzinárodných štandardov finančného vykazovania  |c Barbora Porvazníková 
520 |a Nové úpravy, ktoré v oblasti Medzinárodných účtovných štandardov finančného výkazníctva priniesol rok 2007. Niektoré z nich už vyústili do noviel existujúcich štandardov, alebo do prijatia celkom nových štandardov. Analyzována problematika príspevku je rozdelená na dve časti: nové alebo novelizované štandardy, ktoré sú v súčasnosti už prijaté, novoprijaté interpretácie. Cieľom úpravy štandardov je zjednotenie účtovania nákladov na pôžičky, prevádzkových segmentov, zostavenie a zverejňovanie účtovnej závierky a interpretácií IFRIC s americkými účtovnými štandardami v rámci projektu Konvergencie. 
610 2 0 |a štandardy účtovné medzinárodné 
610 2 0 |a novelizácia 
610 2 0 |a 2007 
610 2 0 |a výkazníctvo finančné 
610 2 0 |a konvergencia 
100 1 |a Porvazníková, Barbora